[Event "Baku Open 2023"]
[Site "Baku AZE"]
[Date "2023.05.07"]
[Round "4.40"]
[White "Suleymanli, Suleyman"]
[Black "Bharath, Subramaniyam H"]
[Result "0-1"]
[WhiteTitle "FM"]
[BlackTitle "GM"]
[WhiteElo "2258"]
[BlackElo "2517"]
[WhiteFideId "13416375"]
[BlackFideId "46634827"]
[EventDate "2023.05.04"]

1. Nf3 d5 2. g3 Nc6 3. d4 Bf5 4. Bg2 Nb4 5. Na3 e6 6. O-O Nf6 7. Bf4 Bd6 8. Ne5
O-O 9. c3 Nc6 10. Nb5 Nh5 11. e3 Nxf4 12. exf4 a6 13. Nxd6 cxd6 14. Nf3 Be4 15.
Nh4 Bxg2 16. Nxg2 g6 17. Re1 b5 18. Ne3 Na5 19. b3 Rb8 20. Qd3 Nc6 21. h4 h5 22.
a4 Qb6 23. f5 gxf5 24. Qe2 b4 25. Qxh5 Qd8 26. g4 f4 27. Nf5 Qf6 28. Nh6+ Kg7
29. g5 Qg6 30. Qg4 Kh8 31. Qxf4 bxc3 32. Ng4 Qf5 33. Qg3 Nxd4 34. Kg2 Nxb3 35.
Nh6 Qg6 36. Qxd6 Nxa1 37. Rxa1 Rbc8 38. Ng4 Qe4+ 39. f3 Qd4 40. h5 c2 41. Rf1
Qd2+ 42. Kg3 Qxg5 43. f4 Qg7 44. h6 Qc3+ 45. Kh4 c1=Q 46. Rxc1 Qxc1 47. Qe5+ f6
48. Nxf6 Qxf4+ 49. Qxf4 Rc4 0-1

[Event "Baku Open 2023"]
[Site "Baku AZE"]
[Date "2023.05.07"]
[Round "4.41"]
[White "Abdisalimov, Abdimalik"]
[Black "Ayush, Sharma"]
[Result "0-1"]
[WhiteTitle "IM"]
[BlackTitle "FM"]
[WhiteElo "2494"]
[BlackElo "2267"]
[WhiteFideId "14206323"]
[BlackFideId "45010943"]
[EventDate "2023.05.04"]

1. d4 Nf6 2. c4 e6 3. Nf3 b6 4. g3 Ba6 5. b3 Bb4+ 6. Bd2 Be7 7. Nc3 c6 8. e4 d5
9. Bd3 dxe4 10. Nxe4 Nbd7 11. Bc3 O-O 12. Qe2 Bb7 13. O-O c5 14. Rad1 Qc7 15.
Rfe1 Rad8 16. Bb1 Nxe4 17. Bxe4 Bf6 18. Rd2 cxd4 19. Nxd4 Bxe4 20. Qxe4 Nc5 21.
Qg4 Qb7 22. b4 Nd7 23. Re3 Rc8 24. Nb5 Bxc3 25. Rxc3 Nf6 26. Qd4 Qe4 27. f3 Qb1+
28. Kg2 Qxb4 29. Nxa7 e5 30. Qd3 e4 31. fxe4 Rc7 32. Rb3 Qa5 33. Ra3 Qc5 34. Nb5
Rd7 35. Qc2 Rxd2+ 36. Qxd2 Qxc4 37. Nd6 Qe6 38. Qb4 h5 39. Ra6 h4 40. Rxb6 h3+
41. Kf3 Nd7 42. Rb5 Ne5+ 43. Ke3 Qxd6 44. Qxd6 Nc4+ 45. Kd4 Nxd6 46. Rb4 Ra8 47.
a4 Ra5 48. Kc3 Kf8 49. Rd4 Ke7 50. Kb4 Re5 51. a5 Rb5+ 52. Ka4 Rb2 53. e5 Nf5
54. Rd3 Rxh2 55. g4 Ra2+ 56. Kb3 h2 0-1

[Event "Baku Open 2023"]
[Site "Baku AZE"]
[Date "2023.05.07"]
[Round "4.42"]
[White "Jubin, Jimmy"]
[Black "Kurmangaliyeva, Liya"]
[Result "1-0"]
[WhiteTitle "IM"]
[BlackTitle "FM"]
[WhiteElo "2455"]
[BlackElo "2288"]
[WhiteFideId "46686614"]
[BlackFideId "13725831"]
[EventDate "2023.05.04"]

1. d4 d5 2. c4 c6 3. Nf3 Nf6 4. g3 Bf5 5. Bg2 e6 6. Nc3 Be7 7. Qb3 Qb6 8. c5
Qxb3 9. axb3 Na6 10. Ne5 Nb4 11. Ra4 a5 12. O-O Nd7 13. Nxd7 Kxd7 14. Bd2 b6 15.
cxb6 Bd8 16. b7 Rb8 17. Rfa1 Rxb7 18. Rxa5 Bxa5 19. Rxa5 Nc2 20. e3 Rd8 21. Na4
Ke8 22. Nc5 Rbb8 23. Bf1 f6 24. Bc3 Kf7 25. Be2 Ra8 26. b4 e5 27. Nb7 Rd7 28.
Rxa8 Rxb7 29. g4 Be4 30. Ra4 Ke6 31. f3 Bg6 32. Kf2 Kd6 33. h4 h6 34. h5 Bh7 35.
Bf1 exd4 36. exd4 Re7 37. b5 Ne3 38. Bb4+ 1-0

[Event "Baku Open 2023"]
[Site "Baku AZE"]
[Date "2023.05.07"]
[Round "4.43"]
[White "Guliev, Logman"]
[Black "Buksa, Nataliya"]
[Result "1-0"]
[WhiteTitle "IM"]
[BlackTitle "IM"]
[WhiteElo "2261"]
[BlackElo "2406"]
[WhiteFideId "13400061"]
[BlackFideId "14123622"]
[EventDate "2023.05.04"]

1. e4 c5 2. Nf3 Nc6 3. Bb5 g6 4. O-O Bg7 5. Re1 e5 6. Bxc6 dxc6 7. d3 Qe7 8. a4
Nf6 9. a5 O-O 10. Nbd2 Ne8 11. b3 Nc7 12. Nc4 f6 13. h3 Ne6 14. Ba3 Rd8 15. Qd2
Bf8 16. Reb1 Nf4 17. Qe3 Be6 18. Nfd2 Qd7 19. Nf1 h5 20. Re1 Bh6 21. Qf3 g5 22.
Nfe3 g4 23. hxg4 hxg4 24. Qg3 Kg7 25. Nxg4 Bxg4 26. Ne3 Ne2+ 27. Rxe2 Bxe3 28.
Rxe3 Kf7 29. f4 Rh8 30. fxe5 Rag8 31. Rf1 Qd4 32. c3 Qxc3 33. exf6 Qd4 34. Qc7+
Bd7 35. Bxc5 Qxc5 36. Qxd7+ Kf8 37. d4 Qb4 38. f7 Rxg2+ 39. Kxg2 Qd2+ 40. Kf3 1-0

[Event "Baku Open 2023"]
[Site "Baku AZE"]
[Date "2023.05.07"]
[Round "4.44"]
[White "Mammadova, Gulnar"]
[Black "Ince, Taylan Ruzgar"]
[Result "1/2-1/2"]
[WhiteTitle "IM"]
[BlackTitle "CM"]
[WhiteElo "2349"]
[BlackElo "2264"]
[WhiteFideId "13403508"]
[BlackFideId "44513089"]
[EventDate "2023.05.04"]

1. c4 Nf6 2. Nc3 d5 3. cxd5 Nxd5 4. Nf3 g6 5. h4 Nxc3 6. bxc3 h6 7. e4 Bg7 8. d4
c5 9. Be2 cxd4 10. cxd4 Nc6 11. Be3 Qa5+ 12. Bd2 Qa3 13. d5 Nb4 14. Rb1 a5 15.
O-O Bd7 16. Bc4 O-O 17. Qe2 Rac8 18. Rfc1 Nxa2 19. Rc2 Nb4 20. Bxb4 axb4 21. Ra2
Qc3 22. Rc2 Qa3 1/2-1/2

[Event "Baku Open 2023"]
[Site "Baku AZE"]
[Date "2023.05.07"]
[Round "4.45"]
[White "Mamedjarova, Turkan"]
[Black "Klek, Hanna Marie"]
[Result "1/2-1/2"]
[WhiteTitle "WGM"]
[BlackTitle "WGM"]
[WhiteElo "2222"]
[BlackElo "2324"]
[WhiteFideId "13402005"]
[BlackFideId "24670057"]
[EventDate "2023.05.04"]

1. d4 Nf6 2. c4 e6 3. Nc3 Bb4 4. e3 O-O 5. Bd3 d5 6. Nf3 c5 7. O-O cxd4 8. exd4
dxc4 9. Bxc4 b6 10. Qe2 h6 11. Bf4 Nc6 12. Rfd1 Ne7 13. Ne4 Nfd5 14. Bd2 Bxd2
15. Qxd2 Bb7 16. a4 Nf5 17. Re1 a5 18. Rac1 Nb4 19. b3 Rc8 20. Qf4 Bd5 21. Red1
Qe7 22. Bxd5 Nxd5 23. Qd2 Rfd8 24. Rxc8 Rxc8 25. Rc1 Rxc1+ 26. Qxc1 Qb4 27. Qc8+
Kh7 28. Qc2 g6 29. Qc4 Nh4 30. Nfd2 Qa3 31. h3 Qa1+ 32. Kh2 Nf5 33. Nf3 Qb2 34.
Qd3 Qc1 35. Ned2 Qd1 36. Qb5 Kg7 37. Qd7 Qc1 38. Ne5 Qc7 39. Qxc7 Nxc7 40. Nc6
Nd5 41. Nc4 Kf8 42. g4 1/2-1/2

[Event "Baku Open 2023"]
[Site "Baku AZE"]
[Date "2023.05.07"]
[Round "4.46"]
[White "Ahmad, Khagan"]
[Black "Hulka, Valentyn"]
[Result "1/2-1/2"]
[WhiteTitle "FM"]
[BlackTitle "CM"]
[WhiteElo "2321"]
[BlackElo "2258"]
[WhiteFideId "13431552"]
[BlackFideId "34107061"]
[EventDate "2023.05.04"]

1. e4 c5 2. Nf3 Nf6 3. e5 Nd5 4. Nc3 e6 5. Nxd5 exd5 6. d4 Nc6 7. c3 cxd4 8.
Nxd4 d6 9. Bb5 Bd7 10. exd6 Bxd6 11. Qe2+ Qe7 12. Nc2 Be6 13. Nd4 Bd7 14. Bg5 f6
15. Be3 Nxd4 16. Bxd7+ Kxd7 17. cxd4 Bb4+ 18. Kf1 a6 19. Qd3 Rac8 20. Qb3 Ke6
21. a3 Ba5 22. Bf4 Qd7 23. g3 Kf7 24. Kg2 Rc4 25. Qd3 g6 26. h4 h5 27. Rad1 Re8
28. Bd2 Bb6 29. Bc3 Rc6 30. Rhe1 Rce6 31. Rxe6 Rxe6 32. Qd2 Kg7 33. Re1 Qe8 34.
Rxe6 Qxe6 35. f3 Kf7 36. Kf2 Qf5 37. Qh6 Qc2+ 38. Ke1 Ke6 1/2-1/2

[Event "Baku Open 2023"]
[Site "Baku AZE"]
[Date "2023.05.08"]
[Round "5.1"]
[White "Mendonca, Leon Luke"]
[Black "Niemann, Hans Moke"]
[Result "1-0"]
[WhiteTitle "GM"]
[BlackTitle "GM"]
[WhiteElo "2596"]
[BlackElo "2706"]
[WhiteFideId "35028561"]
[BlackFideId "2093596"]
[EventDate "2023.05.04"]

1. d4 Nf6 2. c4 e6 3. g3 c5 4. d5 exd5 5. cxd5 d6 6. Nc3 g6 7. Bg2 Bg7 8. Nf3
O-O 9. O-O Re8 10. Bf4 h6 11. Qc1 g5 12. Be3 Nbd7 13. h4 Ng4 14. Bd2 f6 15. b4
b6 16. Nb5 Nde5 17. bxc5 bxc5 18. Qc2 Qd7 19. Rab1 a6 20. Na3 Qf5 21. Qxf5 Bxf5
22. Nxe5 Nxe5 23. e4 Bg6 24. f4 Nf7 25. f5 Bh5 26. Rf2 gxh4 27. gxh4 Ne5 28. Bc3
Nd3 29. Rc2 Nf4 30. Re1 Ra7 31. Nc4 Bf8 32. Kh2 Nxg2 33. Rxg2+ Kh7 34. Rg3 Be7
35. Reg1 Bf8 36. Re1 Be7 37. Kg2 Raa8 38. Kf2 Rab8 39. Reg1 Bf8 40. Bxf6 Rb7 41.
Rg8 1-0

[Event "Baku Open 2023"]
[Site "Baku AZE"]
[Date "2023.05.08"]
[Round "5.2"]
[White "Predke, Alexandr"]
[Black "Sanikidze, Tornike"]
[Result "0-1"]
[WhiteTitle "GM"]
[BlackTitle "GM"]
[WhiteElo "2685"]
[BlackElo "2475"]
[WhiteFideId "24107581"]
[BlackFideId "13602608"]
[EventDate "2023.05.04"]

1. e4 e5 2. Nf3 Nc6 3. Bb5 a6 4. Ba4 Nf6 5. O-O b5 6. Bb3 Bc5 7. a4 Rb8 8. c3 d6
9. d4 Bb6 10. Be3 Bg4 11. Nbd2 O-O 12. Qc1 Nd7 13. h3 Bh5 14. Bc2 exd4 15. cxd4
Nb4 16. a5 Ba7 17. Bb1 c5 18. d5 h6 19. g4 Bg6 20. Re1 Re8 21. Bf4 Qf6 22. Nf1
c4 23. Ra3 Nd3 24. Bxd3 cxd3 25. Ng3 Rbc8 26. Rc3 Rxc3 27. bxc3 Nc5 28. e5 dxe5
29. Qe3 e4 30. d6 Qxc3 31. Rc1 Qf6 32. g5 0-1

[Event "Baku Open 2023"]
[Site "Baku AZE"]
[Date "2023.05.08"]
[Round "5.3"]
[White "Abasov, Nijat"]
[Black "Pantsulaia, Levan"]
[Result "1/2-1/2"]
[WhiteTitle "GM"]
[BlackTitle "GM"]
[WhiteElo "2634"]
[BlackElo "2597"]
[WhiteFideId "13402960"]
[BlackFideId "13602071"]
[EventDate "2023.05.04"]

1. d4 Nf6 2. c4 c5 3. d5 g6 4. Nc3 Bg7 5. e4 d6 6. h3 O-O 7. Nf3 e6 8. Bd3 exd5
9. cxd5 b5 10. Nxb5 Re8 11. O-O Nxe4 12. Bf4 a6 13. Na3 Bxb2 14. Nc4 Bxa1 15.
Qxa1 Nd7 16. Bh6 Ndf6 17. Re1 Bf5 18. Bxe4 Rxe4 19. Rxe4 Bxe4 20. Bg5 Kg7 21.
Nfd2 Bc2 22. Qc3 h6 23. Bxf6+ Qxf6 24. Qxc2 Re8 25. Ne4 Qd4 26. Ncxd6 Re5 27.
Qxc5 Qxc5 28. Nxc5 Rxd5 29. Ndb7 Rd1+ 30. Kh2 Rd2 31. a4 Rxf2 32. Nxa6 Ra2 33.
a5 Kf6 34. Nb8 Ke6 35. Nc6 Kd7 36. Nb4 Ra3 37. a6 f5 38. Nc5+ Kd6 39. Ncd3 g5
40. Kg3 Kc7 41. Kf2 Kb6 42. Ne5 Kc5 43. Ned3+ Kb6 44. Ke3 Ra1 45. g4 fxg4 46.
hxg4 h5 47. gxh5 Rh1 48. Nd5+ Kxa6 49. Nf6 g4 50. Nf4 g3 51. Kf3 g2 52. Kxg2
Rxh5 53. N4xh5 1/2-1/2

[Event "Baku Open 2023"]
[Site "Baku AZE"]
[Date "2023.05.08"]
[Round "5.4"]
[White "Aditya, Mittal"]
[Black "Korobov, Anton"]
[Result "1-0"]
[WhiteTitle "GM"]
[BlackTitle "GM"]
[WhiteElo "2505"]
[BlackElo "2664"]
[WhiteFideId "35042025"]
[BlackFideId "14105730"]
[EventDate "2023.05.04"]

1. e4 c5 2. Nf3 d6 3. d4 cxd4 4. Nxd4 Nf6 5. Nc3 a6 6. Bg5 e6 7. f4 Qc7 8. Qe2
Nc6 9. O-O-O Nxd4 10. Rxd4 Be7 11. Qc4 Qb8 12. Qd3 b5 13. a4 O-O 14. Be2 b4 15.
Na2 a5 16. Rd1 e5 17. Bxf6 Bxf6 18. Rxd6 Be6 19. f5 b3 20. Nc3 Bg5+ 21. Rd2 Rd8
22. Rxd8+ Qxd8 23. fxe6 fxe6 24. Qxd8+ Rxd8 25. Nb1 1-0

[Event "Baku Open 2023"]
[Site "Baku AZE"]
[Date "2023.05.08"]
[Round "5.5"]
[White "Mamedov, Rauf"]
[Black "Samunenkov, Ihor"]
[Result "1-0"]
[WhiteTitle "GM"]
[BlackTitle "IM"]
[WhiteElo "2646"]
[BlackElo "2501"]
[WhiteFideId "13401653"]
[BlackFideId "14187086"]
[EventDate "2023.05.04"]

1. e4 c6 2. Nf3 d5 3. e5 Bf5 4. Nh4 Bd7 5. d4 c5 6. c3 Qb6 7. dxc5 Qxc5 8. Be3
Qa5 9. Nd2 e6 10. Nb3 Qc7 11. f4 Nh6 12. Bd3 g6 13. O-O Be7 14. Nf3 Ba4 15. Kh1
Nf5 16. Bf2 h5 17. Rc1 Nc6 18. Qe2 Bxb3 19. axb3 Rd8 20. b4 a6 21. Rfd1 Kf8 22.
Ra1 Kg7 23. Qe1 Nh6 24. Qg1 Ra8 25. Bb6 Qc8 26. Qe1 Bd8 27. Bg1 Be7 28. Qe2 Qc7
29. Ra4 Rhc8 30. Rda1 Qd8 31. h3 Qe8 32. Bf2 Qd8 33. Kg1 Qe8 34. Nd2 Qd8 35. Nb3
Rab8 36. Rd1 Qe8 37. Raa1 Qd8 38. g3 Qc7 39. Kg2 Rh8 40. Rh1 Rh7 41. g4 hxg4 42.
hxg4 Rbh8 43. Rh3 Ng8 44. Rxh7+ Rxh7 45. Nd4 Nxd4 46. Bxd4 Nh6 47. Rh1 Qc8 48.
f5 gxf5 49. gxf5 exf5 50. e6+ f6 51. Bxf5 Nxf5 52. Qg4+ Kh8 53. Rxh7+ Kxh7 54.
Qxf5+ Kh6 55. Be3+ Kg7 56. Qg4+ Kh7 57. Qh5+ 1-0

[Event "Baku Open 2023"]
[Site "Baku AZE"]
[Date "2023.05.08"]
[Round "5.6"]
[White "Sethuraman, S.P."]
[Black "Raja, Rithvik R"]
[Result "1/2-1/2"]
[WhiteTitle "GM"]
[BlackTitle "GM"]
[WhiteElo "2639"]
[BlackElo "2472"]
[WhiteFideId "5021596"]
[BlackFideId "35007394"]
[EventDate "2023.05.04"]

1. d4 Nf6 2. c4 e6 3. Nf3 d5 4. Nc3 Bb4 5. Bg5 h6 6. Bxf6 Qxf6 7. Qa4+ Nc6 8. e3
O-O 9. Be2 Bd7 10. Qb3 dxc4 11. Qxc4 Bd6 12. O-O e5 13. d5 Na5 14. Qd3 Qe7 15.
Qc2 Rac8 16. Rfd1 Rfd8 17. Ne4 f5 18. Nxd6 cxd6 19. Qd2 Nc4 20. Qb4 Nb6 21. a4
Rc5 22. a5 Nxd5 23. Qxb7 Bb5 24. Qxe7 Nxe7 25. b4 Bxe2 26. bxc5 Bxd1 27. Rxd1
Nc6 28. cxd6 Kf7 29. Nh4 Ke6 30. f4 g5 31. fxg5 hxg5 32. Nf3 g4 33. Ng5+ Kf6 34.
h4 gxh3 35. Nxh3 Nxa5 36. Ra1 Nc4 37. Rxa7 Rxd6 38. Kf2 Rd2+ 39. Kf3 Rd3 40.
Ra6+ Ke7 41. Ng5 Rxe3+ 42. Kf2 Rc3 43. Re6+ Kd7 44. Rf6 Rc2+ 45. Kf3 Rc3+ 46.
Kf2 Ne3 47. Ke2 f4 48. Ne4 Rc2+ 49. Kd3 Rxg2 50. Nc5+ Kd8 51. Rf7 Ke8 52. Ra7
Nc2 53. Ne4 Nd4 54. Nd6+ Kf8 55. Nc4 Nc6 56. Rc7 Rg6 57. Ke4 Rf6 58. Nxe5 Nxe5
59. Kxe5 Rf7 60. Rxf7+ Kxf7 61. Kxf4 1/2-1/2

[Event "Baku Open 2023"]
[Site "Baku AZE"]
[Date "2023.05.08"]
[Round "5.7"]
[White "Ahmadzada, Ahmad"]
[Black "Indjic, Aleksandar"]
[Result "1/2-1/2"]
[WhiteTitle "IM"]
[BlackTitle "GM"]
[WhiteElo "2488"]
[BlackElo "2618"]
[WhiteFideId "13413007"]
[BlackFideId "911925"]
[EventDate "2023.05.04"]

1. e4 e5 2. Nf3 Nc6 3. Bc4 Nf6 4. d3 d5 5. exd5 Nxd5 6. O-O Be7 7. Re1 f6 8. h3
Nb6 9. Bb3 Bf5 10. Nh4 Qd7 11. Nxf5 Qxf5 12. a4 a5 13. Nd2 O-O-O 14. Nc4 Bc5 15.
Be3 Bxe3 16. fxe3 Nxc4 17. Bxc4 Nb4 18. Qe2 Rd6 19. e4 Qd7 20. Rf1 Kb8 21. Kh1
Rd8 22. Rf2 h6 23. Qe3 Qc6 24. Qg3 Qb6 25. Raf1 R6d7 26. Qg6 Na6 27. Bxa6 Qxa6
28. b3 Qe6 1/2-1/2

[Event "Baku Open 2023"]
[Site "Baku AZE"]
[Date "2023.05.08"]
[Round "5.9"]
[White "Safarli, Eltaj"]
[Black "Ilamparthi, A R"]
[Result "1-0"]
[WhiteTitle "GM"]
[BlackTitle "IM"]
[WhiteElo "2601"]
[BlackElo "2408"]
[WhiteFideId "13402129"]
[BlackFideId "45015775"]
[EventDate "2023.05.04"]

1. e4 c5 2. Nf3 d6 3. Bc4 g6 4. O-O Bg7 5. d3 Nc6 6. Nc3 Nf6 7. h3 O-O 8. a3 a6
9. Bf4 b5 10. Ba2 Bb7 11. Qd2 Re8 12. Bh6 Bh8 13. Ng5 e6 14. f4 d5 15. e5 Nd7
16. Nxd5 c4 17. dxc4 Nb6 18. Rad1 Nxc4 19. Bxc4 bxc4 20. Nf6+ Bxf6 21. exf6 Qb6+
22. Qf2 Qxf2+ 23. Rxf2 Rad8 24. Rfd2 Rxd2 25. Rxd2 Rd8 26. Rxd8+ Nxd8 27. Kf2
Bd5 28. g4 Nb7 29. Nf3 Nc5 30. Ke3 Na4 31. Ne5 Nxb2 32. Kd4 a5 33. c3 a4 34. Nd7
Nd3 35. Nb6 Bb7 36. Nxc4 Nf2 37. Nd6 Ba6 38. Kc5 Nxh3 39. Kb6 g5 40. Kxa6 gxf4
41. Nc8 f3 42. Ne7+ Kh8 43. Bg7# 1-0

[Event "Baku Open 2023"]
[Site "Baku AZE"]
[Date "2023.05.08"]
[Round "5.10"]
[White "Prraneeth, Vuppala"]
[Black "Asadli, Vugar"]
[Result "1-0"]
[WhiteTitle "IM"]
[BlackTitle "GM"]
[WhiteElo "2437"]
[BlackElo "2584"]
[WhiteFideId "46622373"]
[BlackFideId "13405764"]
[EventDate "2023.05.04"]

1. e4 c5 2. Nf3 Nc6 3. d4 cxd4 4. Nxd4 Nf6 5. Nc3 e5 6. Ndb5 d6 7. Nd5 Nxd5 8.
exd5 Ne7 9. c4 Ng6 10. Qa4 Bd7 11. Qb4 Qb8 12. Be3 f5 13. Qa5 b6 14. Bxb6 Bxb5
15. Qxb5+ Ke7 16. Be3 Qxb5 17. cxb5 Kf6 18. Rc1 Be7 19. f3 Nf4 20. Bxf4 exf4 21.
Rc6 Bd8 22. Bc4 Ba5+ 23. Kd1 Rad8 24. a3 Rhe8 25. b4 Bb6 26. Kc2 Re3 27. a4 Bd4
28. Bd3 g5 29. h3 h5 30. a5 Ke5 31. Rc4 Kxd5 32. Rd1 Rde8 33. b6 Rxd3 34. Kxd3
Re3+ 35. Kd2 axb6 36. Rxd4+ Kxd4 37. axb6 Re7 38. Kc2+ Kc4 39. Rxd6 g4 40. Rf6
Re5 1-0

[Event "Baku Open 2023"]
[Site "Baku AZE"]
[Date "2023.05.08"]
[Round "5.11"]
[White "Nogerbek, Kazybek"]
[Black "Iskandarov, Misratdin"]
[Result "1/2-1/2"]
[WhiteTitle "IM"]
[BlackTitle "GM"]
[WhiteElo "2474"]
[BlackElo "2592"]
[WhiteFideId "13710427"]
[BlackFideId "13400312"]
[EventDate "2023.05.04"]

1. d4 Nf6 2. Nf3 g6 3. Nbd2 d5 4. b3 Bg7 5. Bb2 O-O 6. e3 a5 7. c4 c6 8. Be2 Bf5
9. O-O Nbd7 10. h3 a4 11. Bc3 axb3 12. axb3 Qc7 13. Qc1 c5 14. dxc5 Nxc5 15.
cxd5 Rac8 16. Qa3 Bd3 17. Bxd3 Nxd3 18. Bd4 Nxd5 19. Bxg7 Kxg7 20. Ne4 N5b4 21.
Qa5 b6 22. Qg5 Rfd8 23. Ng3 Rd5 24. Qh4 Ra5 25. Rad1 Rd8 26. Rd2 Ra2 27. Rxa2
Nxa2 28. Rd1 Nc3 29. Rd2 Nb1 30. Rd1 Nc3 31. Rd2 Nb1 32. Rd1 Nc3 1/2-1/2

[Event "Baku Open 2023"]
[Site "Baku AZE"]
[Date "2023.05.08"]
[Round "5.12"]
[White "Suleymanli, Aydin"]
[Black "Chanda, Sandipan"]
[Result "1-0"]
[WhiteTitle "GM"]
[BlackTitle "GM"]
[WhiteElo "2560"]
[BlackElo "2460"]
[WhiteFideId "13413937"]
[BlackFideId "5004225"]
[EventDate "2023.05.04"]

1. d4 f5 2. Bf4 Nf6 3. e3 d6 4. Nf3 g6 5. Bb5+ c6 6. Bc4 Bg7 7. O-O e6 8. c3 O-O
9. Qb3 d5 10. Be2 h6 11. h3 Nbd7 12. c4 Ne4 13. Nfd2 g5 14. Bh2 Ndf6 15. Qc2 Bd7
16. f3 Nxd2 17. Qxd2 f4 18. exf4 Nh5 19. fxg5 hxg5 20. Bd6 Rf4 21. Bxf4 gxf4 22.
Na3 Qh4 23. Nc2 Kh8 24. Bd3 Rg8 25. Qf2 Qg5 26. Kh2 e5 27. dxe5 Bxe5 28. Rfe1
Bf6 29. cxd5 cxd5 30. a4 Qg7 31. Bf1 Bf5 32. Nb4 Bxb2 33. Rad1 Bc3 34. Nxd5 Bxe1
35. Rxe1 Rd8 36. Nxf4 Qc7 37. Qb2+ Ng7 38. Qe5 Qxe5 39. Rxe5 Rd4 40. Nh5 Bd7 41.
Bb5 1-0

[Event "Baku Open 2023"]
[Site "Baku AZE"]
[Date "2023.05.08"]
[Round "5.13"]
[White "Muradli, Mahammad"]
[Black "Ansat, Aldiyar"]
[Result "1-0"]
[WhiteTitle "GM"]
[BlackTitle "IM"]
[WhiteElo "2531"]
[BlackElo "2317"]
[WhiteFideId "13409301"]
[BlackFideId "13715658"]
[EventDate "2023.05.04"]

1. d4 Nf6 2. c4 g6 3. g3 c5 4. Nf3 cxd4 5. Nxd4 Bg7 6. Bg2 O-O 7. Nc3 Qc7 8. Nd5
Qxc4 9. Nxe7+ Kh8 10. Nxc8 Rxc8 11. O-O Nc6 12. Nc2 Re8 13. e3 d5 14. Na3 Qb4
15. Rb1 Rad8 16. Bd2 Qb6 17. Qc2 Ne4 18. Rfd1 Nxd2 19. Rxd2 d4 20. Bxc6 bxc6 21.
Nc4 Qc7 22. e4 c5 23. Qd3 Re6 24. Re2 f5 25. e5 Bf8 26. f4 Qc6 27. Kf2 Be7 28.
b3 g5 29. fxg5 Rf8 30. Rf1 Bxg5 31. Ke1 f4 32. Re4 Rg6 33. gxf4 Bh4+ 34. Kd1 Rg2
35. Re2 Rxe2 36. Qxe2 Qg6 37. Nd2 d3 38. Qe4 Qg4+ 39. Rf3 Qg1+ 40. Rf1 Qg4+ 41.
Kc1 Bg5 42. e6 Rxf4 43. Rxf4 Bxf4 44. Kb2 Qg5 45. Ka3 c4 46. Nxc4 d2 47. e7 d1=Q
48. e8=Q+ Kg7 49. Qb7+ Kh6 50. Qf8+ Kh5 51. Qxh7+ Kg4 52. Qc8+ Kf3 53. Qc6+ Kf2
54. Qxa7+ Kf1 55. Qh1+ Ke2 56. Qxd1+ Kxd1 57. Qd4+ Kc2 58. Ka4 Bc1 59. b4 Qg2
60. b5 Kb1 61. a3 Ka2 62. b6 Qxh2 63. Qe4 Qf2 64. b7 Bf4 65. Kb5 Bb8 66. a4 Ba7
67. Qd5 Qf6 68. Ne5+ Ka1 69. Qd1+ Ka2 70. Qe2+ Kb1 71. Nc6 Qf7 72. Qe4+ 1-0

[Event "Baku Open 2023"]
[Site "Baku AZE"]
[Date "2023.05.08"]
[Round "5.14"]
[White "Harsha, Bharathakoti"]
[Black "Samadov, Read"]
[Result "1/2-1/2"]
[WhiteTitle "GM"]
[BlackTitle "IM"]
[WhiteElo "2608"]
[BlackElo "2469"]
[WhiteFideId "5078776"]
[BlackFideId "13417444"]
[EventDate "2023.05.04"]

1. d4 Nf6 2. c4 g6 3. Nc3 Bg7 4. e4 d6 5. Be2 O-O 6. Be3 Nc6 7. Nf3 Ng4 8. Bg5
h6 9. Bh4 g5 10. Bg3 e5 11. dxe5 Ngxe5 12. Nxe5 Bxe5 13. O-O Be6 14. Qd2 Kg7 15.
Nd5 Bxd5 16. cxd5 Nd4 17. Rac1 Nxe2+ 18. Qxe2 Bxg3 19. hxg3 Rc8 20. Qb5 b6 21.
Qd3 Re8 22. Rc2 Qe7 23. Re1 Qe5 24. Re3 a5 25. Qe2 Re7 26. Rc4 Rd8 27. Qc2 Rdd7
28. Rf3 b5 29. Rf5 bxc4 30. Rxe5 Rxe5 31. Qxc4 g4 32. Qc3 Re7 33. f4 gxf3 34.
gxf3 Kg6 35. Qxa5 f5 36. exf5+ Kxf5 37. Kg2 Re2+ 38. Kh3 Rxb2 39. Qa4 Ree2 40.
Qd7+ Ke5 41. a4 Kxd5 42. a5 Ra2 43. Qxc7 Rh2+ 44. Kg4 Ra4+ 45. f4 Rha2 46. Qb7+
Ke6 47. Qc8+ Ke7 48. Qc7+ Ke6 49. Qh7 Rxa5 50. f5+ Kd5 51. f6 h5+ 52. Kh3 Ra8
53. Qb7+ Kc5 54. Qc7+ Kd5 55. Qb7+ Kc5 56. f7 Rf8 57. Qe7 Raa8 58. Kh4 Rh8 59.
Kg5 Kc6 60. Kf6 Rad8 61. Kg7 d5 62. Qf6+ Kc5 63. Qc3+ Kd6 64. Qb4+ Kc6 65. Qc3+
Kd6 66. Qb4+ Kc6 67. Qc3+ 1/2-1/2

[Event "Baku Open 2023"]
[Site "Baku AZE"]
[Date "2023.05.08"]
[Round "5.15"]
[White "Petriashvili, Nikoloz"]
[Black "Sanal, Vahap"]
[Result "1/2-1/2"]
[WhiteTitle "IM"]
[BlackTitle "GM"]
[WhiteElo "2432"]
[BlackElo "2582"]
[WhiteFideId "13611216"]
[BlackFideId "6300545"]
[EventDate "2023.05.04"]

1. e4 e5 2. Nf3 Nc6 3. Bb5 Nf6 4. Bxc6 dxc6 5. d3 Bd6 6. Nbd2 Be6 7. Qe2 Nd7 8.
Nc4 Bxc4 9. dxc4 Qe7 10. O-O Nf8 11. Ne1 Ne6 12. Nd3 h5 13. c3 c5 14. a3 h4 15.
h3 g5 16. Qg4 Nf4 17. Ne1 Qe6 18. Qxe6+ Nxe6 19. Nc2 c6 20. Ne3 f6 21. Nf5 Bc7
22. Rd1 Rh7 23. Be3 a5 24. Kh2 a4 25. g3 hxg3+ 26. fxg3 b6 27. Kg2 Ng7 28. Rf1
Kf7 29. Nxg7 Kxg7 30. Rad1 Kg6 31. Bf2 Rah8 32. h4 f5 33. exf5+ Kf6 34. g4 e4
35. Rde1 Re8 36. Rh1 Rd7 37. Be3 Bf4 38. h5 Ke5 39. h6 Bxe3 40. Rxe3 Kf4 41. Re2
Kxg4 42. f6 Kf5 43. h7 Rh8 44. Rf1+ Kg6 45. Rxe4 Rdxh7 46. f7 Rxf7 47. Re6+ Kg7
48. Rxf7+ Kxf7 49. Rxc6 Rb8 50. Kf3 Ke7 51. Ke4 Rg8 52. Kf3 Rf8+ 53. Kg3 Rf6 54.
Rc7+ Kd6 55. Ra7 Rf1 56. Rxa4 Rb1 57. b4 Rc1 58. b5 Kc7 59. Kg4 Rg1+ 60. Kf5 Kb7
61. Ra6 Rg3 62. Ra4 Rg1 63. Kg6 Rg2 64. Kf5 Rg3 65. Kg6 Rg2 66. Kf5 g4 67. Kf4
Rg1 68. Kg5 g3 69. Kg4 Rg2 70. Kf3 Rg1 71. Kg4 Rg2 72. Kf3 Rg1 73. Kg4 1/2-1/2